Kraje liczące ponad 50 milionów mieszkańców - Statystyki

Ogólne statystyki
  • Ten quiz został rozwiązany 98 razy
  • Średni wynik to 22 z 31
Statystyki odpowiedzi
data populacja kraj % Poprawnych
100 p.n.e 1427 m Chiny
98%
500 1451 m Indie
98%
1825 145 m Rosja
95%
1880 349 m Stany Zjednoczone
95%
1949 212 m Brazylia
91%
1965 69,1 m Francja
91%
1893 84,5 m Niemcy
87%
1948 69,7 m Wielka Brytania
86%
1911 124 m Japonia
84%
1969 131 m Meksyk
80%
1985 117 m Egipt
79%
1962 59,3 m Włochy
77%
1916 283 m Indonezja
76%
2006 64,0 m Republika Południowej Afryki
76%
2000 109 m Dem Rep Konga
71%
1985 91,6 m Iran
71%
1963 251 m Pakistan
70%
2013 51,7 m Korea Południowa
69%
1965 233 m Nigeria
69%
1978 100 m Wietnam
65%
1959 174 m Bangladesz
64%
1984 87,5 m Turcja
63%
1991 132 m Etiopia
59%
2019 52,9 m Kolumbia
57%
1985 71,7 m Tajlandia
57%
2018 56,5 m Kenia
53%
1982 116 m Filipiny
52%
2023 50,5 m Sudan
49%
2014 68,6 m Tanzania
43%
2012 54,5 m Mjanma
41%
2024 50,1 m Uganda
31%
Nie znaleziono quizów pasujących do podanych kryteriów
Rozkład punktacji
Procent ludzi z każdym wynikiem
Percentyl według liczby udzielonych odpowiedzi
Twoja historia wyników
Nie rozwiązałeś tego quizu